| 000 | 01481nam a2200193 i 4500 | ||
|---|---|---|---|
| 001 | 768714001 | ||
| 003 | CO-MdFUSB | ||
| 005 | 20220727144711.0 | ||
| 008 | 220727t1984 ck |||| |||| 00| 0 spa d | ||
| 040 |
_bspa _cCO-MdFUSB _dCO-MdFUSB |
||
| 041 | _aspa | ||
| 100 |
_aApollinaire, Guillaume, _eautor |
||
| 245 | 3 |
_aEl poeta asesinado _c/ Guillaume Apollinaire |
|
| 300 |
_aVolumen 14, (1984) páginas 213 - 278 ; _c22 cm |
||
| 520 | _aNovela del escritor francés de origen polaco Guillaume Apollinaire (1880-1918) publicada por primer vez en 1916. El poeta Croniamantal ha sido engendrado en el fugacísimo encuentro entre un músico ambulante y una chica alegre y desvergonzada. Ella consigue casarse con un barón, pero muere en el parto. El niño es educado por su propio padre y muy pronto destaca por su prodigiosa inteligencia. Croniamantal va en busca de su destino: ha alcanzado una fama excepcional como poeta y después de varios viajes por Europa vuelve a Francia cuando en todo el mundo se ha desencadenado una cruzada contra la poesía. Es degollado por una muchedumbre y honrado por la posteridad como genio, porque el mundo tortura a sus poetas y después de la muerte los eleva a la grandeza de la tradición. La sátira y el dinamismo de la vanguardia contra el estatismo clasicista. | ||
| 650 | 7 |
_92654 _aLiteratura francesa |
|
| 773 | 0 |
_067924 _981153 _aOveja Negra, _o24703 _tMaestros de la literatura universal _w(CO-MdFUSB)768714001 _z8482806718 |
|
| 942 | _cBK | ||
| 999 |
_c68019 _d68019 |
||